Statistics for ASTROWORLD (Travis Scott Album)

Click here to take the quiz!

General Stats

  • This quiz has been taken 53 times
  • The average score is 12 of 17

Answer Stats

No.Song% Correct
3SICKO MODE (ft. Drake)
97%
1STARGAZING
90%
12YOSEMITE
79%
8WAKE UP
77%
15BUTTERFLY EFFECT
72%
10NC-17
72%
17COFFEE BEAN
72%
6NO BYSTANDERS
69%
5STOP TRYING TO BE GOD
69%
7SKELETONS
67%
11ASTROTHUNDER
67%
13CAN'T SAY
67%
14WHO? WHAT!
67%
95% TINT
67%
2CAROUSEL
64%
4R.I.P. SCREW
62%
16HOUSTONFORNICATION
62%

Score Distribution

Percentile by Number Answered

Percent of People with Each Score

Your Score History

You have not taken this quiz